00608nam a2200169 a 450000100100000000500170001000800410002704000250006808200210009310000260011424500730014025000110021326000410022430000370026595201190030299900170042100003701620200930080102.0120208s1969 sp ac 000 0 spa d aDO-SdBNPbspacBNPHU axxxxbJ76m, 19691 aJonch, Antonio96341913aEl mundo viviente. /cAntonio Jonch ; prólogo de Salvador Llobert. a3a ed. aBarcelona :bEdiciones Danae,c1969. a579 p. :bils., retrs. ;c25 cm. 001050718MOaGRbGRcCTd2012-02-08iLF1l0oxxxx J76m, 1969p37016-10r2020-06-25w2020-06-25y1ZNo se presta c36506d36506